| 000 | 00805cam a22002533a 4500 | ||
|---|---|---|---|
| 001 | 20556 | ||
| 003 | PGUSA | ||
| 005 | 20140828083434.0 | ||
| 008 | 070210s2007||||xxu|||||s|||||000 | eng d | ||
| 040 |
_aPGUSA _beng |
||
| 042 | _adc | ||
| 050 | 4 | _aQH | |
| 100 | 1 |
_aPackard, A. S. _q(Alpheus Spring), _d1839-1905 |
|
| 245 | 1 | 0 |
_aLamarck, the Founder of Evolution : _bHis Life and Work _h[electronic resource] / _cA. S. Packard |
| 260 |
_bProject Gutenberg, _c2007 |
||
| 506 | _aPublic domain in the USA. | ||
| 516 | _aElectronic text | ||
| 653 | _aNaturalists -- France -- Biography | ||
| 653 | _aEvolution (Biology) | ||
| 653 | _aLamarck, Jean Baptiste Pierre Antoine de Monet de, 1744-1829 | ||
| 830 | 0 |
_aProject Gutenberg _v20556 |
|
| 856 | 4 | 0 | _uhttp://www.gutenberg.org/ebooks/20556 |
| 942 | _cEB | ||
| 999 |
_c249811 _d249811 |
||